00605nam a22001697a 450000500170000001000150001702000270003203500140005903700130007308200110008610000160009724501430011326000540025627000530031030000220036350000500038520161110154338.0 aENG-116499 a9788173049996c1500.00 aEN-100031 bDBAD/PUB a821.08 aBangha,Imre aScorpion in the hand Brajbhasha court poetry from central India around 1800 :cby Imre Bangha ba critical edition of thakur's kabittas / aNew DelhibManohar Publisher & Distributorsc2014 a4753/23 Ansari Road,DaryaganjbNew Delhie110002 a370p. c22cm (Hb) aIncludes bibliographical references and index